000 02078cam a22002655a 4500
001 149228
008 100208s2009 xxk f 000 0 eng d
020 _a9780080957142
035 _a(Sirsi) u149228
041 0 _aeng
050 0 4 _a692.8 $2 18
100 1 _aTrauner, Theodore J.
245 0 0 _aConstruction delays
_bdocumenting causes, winning claims, recovering costs
_h[electronic resource]
250 _a2nd ed.
260 _bButterworth Heinemann
_c2009
300 _aeBook
505 2 _aProject Scheduling -- Types of Construction Delays -- Measuring Delays?The Basics -- Delay Analysis Using Bar Chart Schedules -- Delay Analysis Using No Schedules -- Other Analysis Techniques: Their Strengths and Weaknesses -- The Owner's Damages Due to Delay -- The Contractor's Damages Due to Delay -- Home Office Overhead -- Inefficiency Caused by Delay -- Acceleration -- Other Categories of Delay Damages -- Determining Responsibility for Delay -- Risk Management
520 _aThis eBook points out the shortcomings of these faulty methods and explains how a delay analysis should be performed. It then describes specifically how the analysis is done with CPM schedules. The discussion included subtleties of the process, such as shifts in the critical path, and non-critical delays. The subject of damages is covered in detail, including the major categories of extended field overhead and unabsorbed home office overhead. Likewise, the damages suffered by the owner, either actual or liquidated, are also explained. Finally, a chapter is devoted to managing the risk of delays and time extensions from the viewpoints of the various parties to a construction project. A discussion of early completion schedules and constructive acceleration is also included.
590 _aka ntk
650 2 4 _aEBOOK
651 4 _aENGLAND AND WALES
690 _aMANAGEMENT-DISPUTE AVOIDANCE, MANAGEMENT AND RESOLUTION-DISPUTE MANAGEMENT AND RESOLUTION
856 4 8 _uhttps://www.vlebooks.com/
_zView on VLEbooks. Logins for members only from [email protected]
942 _n0
999 _c110431
_d110431